UBT Library

The world of melodrama. (Record no. 41803)

000 -LEADER
fixed length control field 00492nam a22002051 4500
001 - CONTROL NUMBER
control field 3115359
005 - DATE AND TIME OF LATEST TRANSACTION
control field 20180205081915.0
008 - FIXED-LENGTH DATA ELEMENTS--GENERAL INFORMATION
fixed length control field 731212s1967 pau b 000 0 eng
010 ## - LIBRARY OF CONGRESS CONTROL NUMBER
LC control number 66025466
040 ## - CATALOGING SOURCE
Original cataloging agency DLC
Transcribing agency DLC
Modifying agency DLC
041 ## - LANGUAGE CODE
Language code of text/sound track or separate title eng
080 ## - UNIVERSAL DECIMAL CLASSIFICATION NUMBER
Universal Decimal Classification number 809.52 RAH
082 00 - DEWEY DECIMAL CLASSIFICATION NUMBER
Classification number 809.52 RAH
100 1# - Rafti
Rafti 21
101 ## - Shkurtesa
Shkurtesa GJL
245 14 - TITLE STATEMENT
Title The world of melodrama.
504 ## - BIBLIOGRAPHY, ETC. NOTE
Bibliography, etc Bibliography: p. 315-325.
906 ## - LOCAL DATA ELEMENT F, LDF (RLIN)
a 7
b cbc
c orignew
d u
e ocip
f 19
g y-gencatlg
942 ## - ADDED ENTRY ELEMENTS (KOHA)
Source of classification or shelving scheme
Item type Books

No items available.

UBT Library © 2015-2024. All rights reserved University Education for Business and Technology